LEADER 01087nam0-2200289 --450 001 9910502805203321 005 20211104142116.0 010 $a978-88-6611-879-4 100 $a20211104d2020----kmuy0itay5050 ba 101 0 $aita 102 $aIT 105 $ay 001yy 200 1 $a<>declinazione del sistema parlamentare italiano nella XVIII legislatura$eil mutamento della maggioranza governativa e la conferma del Presidente del Consiglio$fAlessandro Lauro$gcon un saggio introduttivo di Antonio D'Andrea 210 $aBari$cCacucci$d2020 215 $a144 p.$d24 cm 225 1 $aStudi di diritto pubblico. Sezione didattica$v3 610 0 $aItalia$aGoverno [di] Conte, Giuseppe <1964- >$a2018-2020 676 $a320.945$v23$zita 700 1$aLauro,$bAlessandro$0845202 702 1$aD'Andrea,$bAntonio 801 0$aIT$bUNINA$gREICAT$2UNIMARC 901 $aBK 912 $a9910502805203321 952 $aCOLLEZ. 3014 (3)$b2389/2021$fFSPBC 959 $aFSPBC 996 $aDeclinazione del sistema parlamentare italiano nella XVIII legislatura$91885548 997 $aUNINA LEADER 00833nam a2200193 i 4500 001 991004265237007536 005 20230221161618.0 008 891110t19831986it | |001 0 ita 040 $aBibl. Dip.le Aggr. Scienze Economia - Sez. Settore Economico 100 1 $aVinci, Calogero$0107166 245 12$aI rimborsi spese nelle aziende e nelle società :$bdipendenti, amministratori, sindaci, collaboratori esterni : raccolta di casi pratici sulla vigente normativa fiscale /$cCalogero Vinci, Mario Gagliardi 250 $a2. ed 260 $aMilano$bPirola$c1983 300 $a223 p.$c24 cm 500 $aIn appendice: Modulistica 700 1 $aGagliardi, Mario$eauthor$4http://id.loc.gov/vocabulary/relators/aut$0107167 912 $a991004265237007536 996 $aRimborsi spese nelle aziende e nelle società$93376892 997 $aUNISALENTO LEADER 00935nam0 22002291i 450 001 UON00199588 005 20231205103247.252 100 $a20030730d1974 |0itac50 ba 101 $aita 102 $aIT 105 $a|||| ||||| 200 1 $aˆIl ‰film e il risarcimento marxista dell'atre$econ un profilo di Luigi Chiarini e una nota di Galvano della Volpe$fUmberto Barbaro 210 $aRoma$cEditori riuniti$d1974. XXIII,343 p. ; 19 cm. 620 $aIT$dRoma$3UONL000004 700 1$aBarbaro$bUmberto$3UONV037723$00 712 $aEditori Riuniti$3UONV246707$4650 801 $aIT$bSOL$c20250228$gRICA 899 $aSIBA - SISTEMA BIBLIOTECARIO DI ATENEO$2UONSI 912 $aUON00199588 950 $aSIBA - SISTEMA BIBLIOTECARIO DI ATENEO$dSI A D 0085 $eSI SG 2757 5 0085 996 $aFilm e il risarcimento marxista dell'atre$91255308 997 $aUNIOR